[Event "Vereinsjugendmeisterschaft 2024"]
[Site "Steinfurt"]
[Date "2024.06.02"]
[Round "5.7"]
[White "Sander, Sofie"]
[Black "Bernemann, Felix"]
[Result "1-0"]
[WhiteElo "795"]
[BlackElo "750"]
[PlyCount "79"]
[Beauty "7701971075090"]
[GameId "2056739960144233"]
[EventDate "2024.??.??"]
[WhiteTeam "SC Steinfurt 1996 e. V."]
[BlackTeam "SC Steinfurt 1996 e. V."]

{[%evp 9,78,37,39,34,145,68,90,30,38,0,0,-95,162,154,180,180,258,159,278,119,262,266,257,155,184,179,207,83,130,92,197,153,188,100,146,128,250,237,357,358,396,386,755,476,739,736,29983,29967,29993,29993,29993,29992,29993,29991,29993,29992,29994,29992,29995,29994,29997,29997,29997,29998,29998,29999,29999,29997,29998,29999,29999]} 1. e4 e5 2. Nf3 Bd6 3. Bc4 Nc6 4. d3 Be7 5. Nc3 d6 $146 ({Vorgänger:} 5... Nf6 6. Be3 d6 7. d4 exd4 8. Nxd4 Ne5 9. f3 Nxc4 10. Bc1 c5 11. Qd3 cxd4 12. Na4 {0-1 Malusi,M-Yaya,B KEN-ch Nairobi 2022 (7)}) 6. Bd2 {C40: Lettisches Gambit.} Bh4 {[%eval 145,23] [%wdl 837,163,0]} (6... Na5 $14 {[%eval 34,29] [%wdl 100,890,10]}) 7. O-O {[%eval 68,27] [%wdl 263,734,3]} (7. Nxh4 $16 {[%eval 145,23] [%wdl 837,163,0]} Qxh4 8. O-O) 7... Bf6 8. Qc1 {[%eval 30,29] [%wdl 88,900,12] Weiß steht aktiver.} ({Günstiger ist} 8. Nd5 $16 {[%eval 90,21] [%wdl 437,562,1]}) 8... h6 9. Nd5 Bg4 10. Qd1 {[%eval -95,22] [%wdl 1,521,478] [#]} (10. Kh1 $11 {[%eval 0,38] [%wdl 28,944,28] bleibt in der Remisbreite.}) 10... Bxf3 $2 {[%eval 162,24] [%wdl 913,87,0][%mdl 8192]} (10... Nd4 $1 $17 {[%eval -95,22] [%wdl 1,521,478] und es läuft.}) 11. Qxf3 $18 Nce7 12. Qh5 $36 {[%mdl 2048] Und Sxf6+ würde nun gewinnen. Läuft bei Weiss.} g6 {[%eval 258,21] [%wdl 998,2,0]} (12... Nxd5 $142 {[%eval 180,25] [%wdl 956,44,0]} 13. Bxd5 g6) 13. Qd1 h5 {[%eval 278,20] [%wdl 999,1,0]} (13... Nxd5 $16 {[%eval 159,25] [%wdl 914,86,0] war angesagt.} 14. Bxd5 c6) 14. Qc1 {[%eval 119,25] [%wdl 697,303,0]} (14. Nxf6+ $18 {[%eval 278,20] [%wdl 999,1,0] ist viel giftiger.} Nxf6 15. Qf3) 14... Qd7 {[%eval 262,24] [%wdl 999,1,0]} (14... Bg7 $16 {[%eval 119,25] [%wdl 697,303,0]}) 15. Nxf6+ Nxf6 16. Bh6 {[#] Zielt auf Lg7 ab.} Nfg8 17. Be3 Nc6 18. Bd5 {[%eval 83,26] [%wdl 349,651,0]} (18. f4 $18 {[%eval 207,24] [%wdl 990,10,0]}) 18... a5 19. Bxc6 bxc6 {[%eval 197,26] [%wdl 987,13,0]} (19... Qxc6 $16 {[%eval 92,25] [%wdl 435,565,0] ist wohl besser.} 20. f4 Nf6) 20. b3 c5 21. c3 {[%eval 100,26] [%wdl 512,488,0]} ({Vorzuziehen ist} 21. f4 $18 {[%eval 188,21] [%wdl 982,18,0]}) 21... Qb5 22. d4 {dxe5 ist eine echte Drohung.} cxd4 {[%eval 250,23] [%wdl 999,1,0]} (22... Nf6 $16 {[%eval 128,26] [%wdl 791,209,0]}) 23. cxd4 exd4 {[%eval 357,25] [%wdl 1000,0,0]} (23... Nf6 {[%eval 237,28] [%wdl 998,2,0] kämpft weiter.} 24. Qxc7 O-O) 24. Bxd4 f6 25. Qxc7 {[%cal Oc7g7] Und jetzt Dg7! wäre schön.} Ra6 $2 {[%eval 755,22] [%wdl 1000,0,0]} (25... Qd7 {[%eval 386,25] [%wdl 1000,0,0]} 26. Rac1 Rh7) 26. Rab1 Qd3 {[%eval 739,23] [%wdl 1000,0,0]} (26... Qd7 $142 {[%eval 476,26] [%wdl 1000,0,0]} 27. Qb8+ Kf7) 27. Rbd1 Qxe4 28. Qg7 {Weiß setzt Matt.} Rh6 29. Qxg8+ Ke7 30. Qg7+ Kd8 31. Qxh6 a4 32. Qg7 Ra5 33. f3 Qf5 34. Rc1 Ra8 {[%cal Ba5a8,Ba8a6,Ba6b6][%mdl 32]} 35. Rc7 {[%csl Gc7][%cal Rg7e7,Bc1c7,Bc7e7,Be7e6,Be6f6,Bf6f8][%mdl 32]} Qe6 36. Bb6 Ra6 37. Re7+ Rxb6 38. Rxe6 axb3 39. Rxf6 {[%cal Rf6f8]} bxa2 40. Rf8# {Gewichteter Fehlerwert: Weiß=0.40/Schwarz=0.65.  Verlustzug:     	---       	Schwarz=1     Fehler:       	Weiß=6     	Schwarz=9     Ungenau:       	Weiß=4     	Schwarz=3     OK:         	Weiß=4     	---        Bester:       	---       	Schwarz=1} 1-0

[Event "Vereinsjugendmeisterschaft 2024"]
[Site "Steinfurt"]
[Date "2024.06.02"]
[Round "5.9"]
[White "Castillo, Valeria"]
[Black "Anders, Linus"]
[Result "0-1"]
[WhiteElo "750"]
[BlackElo "751"]
[Annotator "Admin"]
[PlyCount "128"]
[Beauty "6121444146727"]
[GameId "2056739960156523"]
[EventDate "2024.??.??"]
[WhiteTeam "SC Steinfurt 1996 e. V."]
[BlackTeam "SC Steinfurt 1996 e. V."]

{[%evp 9,127,10,17,0,28,4,384,30,152,142,175,142,145,153,141,33,38,34,162,-285,-14,-95,-26,-389,-387,-371,-308,-365,203,206,195,196,218,215,213,204,308,100,212,212,206,190,185,169,269,56,380,384,420,-441,-443,-741,297,291,297,146,380,213,269,274,350,347,506,501,525,508,505,455,501,373,361,-585,-566,-29961,-813,-29967,-29967,-29999,-8785,-8448,-1148,-29977,-667,-29949,-730,-29943,-7746,-1012,-678,-29985,-29986,-29995,-29986,-29986,-29987,-29987,-29986,-29999,-29989,-29989,-29986,-29986,-29987,-29985,-29987,-29988,-29989,-29992,-29987,-29995,-29996,-29996,-29997,-29997,-29998,-29999,-29999,-29999,-29999,-29999]} 1. e4 e5 2. Bc4 Nc6 3. Nf3 Nf6 4. Nc3 Bb4 5. d3 O-O 6. Bg5 {C28: Wiener Partie.} d6 7. Nd2 {Sd5 ist eine echte Drohung.} Bg4 $146 {[%eval 384,22] [%wdl 1000,0,0][%mdl 8192]} (7... h6 $11 {[%eval 4,26] [%wdl 38,934,28]} 8. Bxf6 Qxf6) ({Vorgänger:} 7... Bxc3 8. bxc3 h6 9. Bh4 Na5 10. Rb1 Be6 11. Bxe6 fxe6 12. O-O Qe8 13. d4 Qc6 {½-½ Muellneritsch,A (2285)-Glueck,M (2105) Jacques Lemans op 16th St Veit 1996 (5)}) 8. f3 $2 {[%eval 30,25] [%wdl 88,900,12]} (8. Bxf6 $1 $18 {[%eval 384,22] [%wdl 1000,0,0]} Qxf6 9. Qxg4) 8... Bd7 {[%eval 152,22] [%wdl 873,127,0] [#]} (8... Be6 $11 {[%eval 30,25] [%wdl 88,900,12]}) 9. Nd5 $1 $16 a5 10. Nxf6+ gxf6 11. Bh4 Bc5 12. Nb3 {[%eval 33,27] [%wdl 81,912,7]} (12. Nf1 $16 {[%eval 141,21] [%wdl 834,166,0]}) 12... Be3 $14 13. Qe2 Nb4 {[%eval 162,29] [%wdl 926,74,0]} 14. Qd1 $4 {[%eval -285,23] [%wdl 0,1,999][%mdl 8192]} (14. Qxe3 $2 Nxc2+ 15. Kf2 Nxe3 $19) (14. c3 $1 $18 {[%eval 162,29] [%wdl 926,74,0][%cal Rc3b4] und alles wird gut.} Nc2+ 15. Qxc2) 14... a4 $2 {[%eval -14,29] [%wdl 11,956,33]} ({Besser ist} 14... b5 $19 {[%eval -285,23] [%wdl 0,1,999]} 15. Bd5 c6 (15... Nxd5 16. exd5 c6 17. dxc6 $15)) 15. Nc1 {[%eval -95,23] [%wdl 0,532,468]} (15. Nd2 $11 {[%eval -14,29] [%wdl 11,956,33] hält das Gleichgewicht.}) 15... a3 {[%eval -26,26] [%wdl 6,943,51] Schwarz steht deutlich aktiver.} ({Vorzuziehen ist} 15... b5 $17 {[%eval -95,23] [%wdl 0,532,468]} 16. a3 Nxc2+ 17. Qxc2 bxc4) 16. Nb3 $2 {[%eval -389,21] [%wdl 0,0,1000][%mdl 8192]} (16. bxa3 $11 {[%eval -26,26] [%wdl 6,943,51] und Weiss steht sicher.} Rxa3 17. Rb1) 16... axb2 $19 17. Rb1 Rxa2 18. c3 Ra1 $4 {[%eval 203,30] [%wdl 990,10,0][%mdl 8192]} 19. Nxa1 $18 (19. cxb4 Rxb1 20. Qxb1 b5 $11) 19... bxa1=R 20. Rxa1 b5 21. Bb3 {[%cal Od1e2]} (21. cxb4 $6 bxc4 22. dxc4 Qb8) 21... Nc6 22. Qe2 Bc5 {[%eval 308,26] [%wdl 1000,0,0]} (22... Bg5 {[%eval 204,24] [%wdl 992,8,0] war nötig.}) 23. Bf2 $2 {[%eval 100,27] [%wdl 511,489,0]} (23. Bd5 $18 {[%eval 308,26] [%wdl 1000,0,0]}) 23... Bxf2+ {[%eval 212,23] [%wdl 995,5,0]} (23... b4 $16 {[%eval 100,27] [%wdl 511,489,0]}) 24. Qxf2 (24. Kxf2 f5 25. Bd5 Qh4+ 26. g3 Qh3 $16) 24... b4 25. cxb4 Nxb4 26. Qd2 $36 {[%mdl 2048] Schwarz steht unter starkem Druck.} Qb8 {[%eval 269,22] [%wdl 1000,0,0]} (26... Nc6 $142 {[%eval 169,23] [%wdl 969,31,0]} 27. O-O Nd4) 27. h4 $2 {[%eval 56,25] [%wdl 105,895,0]} (27. O-O $18 {[%eval 269,22] [%wdl 1000,0,0]}) 27... Nxd3+ $2 {[%eval 380,22] [%wdl 1000,0,0][%mdl 8192]} 28. Qxd3 Qb4+ 29. Ke2 $4 {[%eval -441,23] [%wdl 0,0,1000][%mdl 8192]} (29. Kf2 $18 {[%eval 420,26] [%wdl 1000,0,0]}) 29... Bb5 $19 {[%mdl 64] Fesselung} 30. Ra4 {[%eval -741,27] [%wdl 0,0,1000]} (30. Rab1 $142 {[%eval -443,27] [%wdl 0,0,1000]} Bxd3+ 31. Kxd3) 30... Qc5 $4 {[%eval 297,25] [%wdl 1000,0,0][%mdl 8192] [#]} (30... Bxa4 $2 31. Rb1 Bxb3 32. Qxb3 $19) (30... Qxb3 $19 {[%eval -741,27] [%wdl 0,0,1000]} 31. Kf2 Qxd3 (31... Bxd3 $2 32. Rha1 $19)) 31. Rc4 $1 $18 Qb6 (31... Qa3 32. Rb1) 32. Kd2 {[%eval 146,27] [%wdl 924,76,0]} Qa5+ {[%eval 380,26] [%wdl 1000,0,0]} (32... Bxc4 $16 {[%eval 146,27] [%wdl 924,76,0] war angesagt.} 33. Qxc4 Qf2+ 34. Qe2 Qd4+ 35. Kc2 (35. Qd3 Qf2+ 36. Qe2 Qd4+ 37. Kc2 Qc5+ 38. Kb2 Qd4+ 39. Kc2 Qc5+ 40. Qc4 Qf2+ 41. Kc3 Qxg2 $16) 35... Qc5+ (35... Rb8 $2 36. Rd1 $18) 36. Qc4 Qf2+ 37. Kc3 Qxg2) 33. Kc2 {[%eval 213,29] [%wdl 998,2,0]} (33. Qc3 $142 {[%eval 380,26] [%wdl 1000,0,0]} Qxc3+ 34. Rxc3) 33... Bxc4 34. Qxc4 (34. Bxc4 $6 c6 35. Rd1 (35. Qxd6 $2 Rd8 $19) 35... Rd8 $18) 34... f5 35. exf5 d5 {[%eval 506,23] [%wdl 1000,0,0]} (35... Kg7 $142 {[%eval 347,26] [%wdl 1000,0,0]} 36. Rd1 Kh8) 36. Qxd5 Qa7 37. Rd1 Qf2+ 38. Kd3 Qxh4 {Und jetzt ...Td8 wäre schön.} 39. g3 Qxg3 {[#]} 40. Re1 $4 {[%eval -585,24] [%wdl 0,0,1000][%mdl 8192]} Qxe1 $19 {[%mdl 4096] Endspiel. KDT-KDL} 41. Qe4 Qb1+ {[%eval -813,30] [%wdl 0,0,1000]} (41... Rd8+ $142 {[%eval -32689,25] [%wdl 0,0,1000]} 42. Kc2 Rd2+ 43. Kc3 Re2+ 44. Kd3 Qd2+ {[%mdl 64] Ablenkung} 45. Kc4 Rxe4+ 46. fxe4 h5 47. Kc5 h4 48. Kb5 h3 49. Bd5 h2 50. Kc6 h1=Q (50... h1=R 51. f6 Qb4 52. Kd7 Qd6+ 53. Ke8 Rh8 54. Bxf7+ Kh7+ 55. Bg8+ Rxg8+ 56. Kf7 Rf8#) 51. Kb7 Qb4+ 52. Kc6 Qh6+ 53. f6 Qxf6+ 54. Kd7 Qbd6+ 55. Kc8 Qfd8+ 56. Kb7 Qb6#) 42. Bc2 Rd8+ 43. Ke3 Qb6+ {[%eval -8785,22] [%wdl 0,0,1000]} (43... Qe1# $142 {[%eval -32765,49] [%wdl 0,0,1000]}) 44. Ke2 Qb5+ 45. Bd3 Qb2+ {[%eval -667,39] [%wdl 0,0,1000]} (45... Qxd3+ $142 {[%eval -32721,38] [%wdl 0,0,1000]} 46. Qxd3 Rxd3 47. Kxd3 h5 48. Ke4 h4 49. f4 h3 50. fxe5 h2 51. Ke3 h1=Q (51... h1=R $2 52. Kd3 $19) 52. Kd4 Qf3 53. f6 Qf4+ (53... c6 54. Kc4 Qe3 55. Kb4 Qd4+ 56. Kb3 c5 57. Kc2 c4 58. e6 fxe6 59. f7+ Kxf7 60. Kc1 Qf2 61. Kd1 c3 62. Kc1 Qd2+ 63. Kb1 Qb2#) 54. Kd5 Kh7 55. e6 fxe6+ (55... Qxf6 56. exf7 Qxf7+ 57. Kd4 Qb3 58. Kc5 Kg7 59. Kd4 Kf6 60. Kc5 Ke5 61. Kc6 Qd5+ 62. Kxc7 Qb5 63. Kd8 Kd6 64. Kc8 Qb3 65. Kd8 Qg8#) (55... Qd6+ 56. Ke4 Qxe6+ 57. Kd4 Qc6 58. Ke3 Kg6 59. Ke2 Kf5 60. Ke3 Qc3+ 61. Kf2 Kf4 62. Kf1 Qc2 63. Ke1 Kg3 64. Kf1 Qf2#) 56. Kc6 Kg6 (56... Qxf6 57. Kc5 Qc3+ 58. Kb5 e5 59. Ka6 Qb4 60. Ka7 e4 61. Ka8 e3 62. Ka7 e2 63. Ka8 e1=Q 64. Ka7 Qa1#) 57. Kd7 Kxf6 58. Kd8 Qb4 59. Kxc7 e5 60. Kc8 Ke7 61. Kc7 Qb5 62. Kc8 Kd6 63. Kd8 Qd7#) 46. Ke3 Qa1 {[%eval -730,30] [%wdl 0,0,1000]} (46... Qc3 $142 {[%eval -32665,26] [%wdl 0,0,1000]} 47. Ke2 h5 48. Qe3 Qxd3+ (48... Qb2+ $2 49. Kf1 $19) 49. Qxd3 Rxd3 50. Kxd3 h4 51. Ke3 c5 52. Ke4 h3 53. Kd5 h2 54. Kxc5 h1=Q (54... h1=R 55. Kc4 Kg7 56. Kd5 Kf6 57. Kc6 Rf1 58. Kd6 Rxf3 59. Kd5 Kxf5 60. Kc5 e4 61. Kb4 e3 62. Kc3 Ke4 63. Kb4 e2 64. Kb5 e1=Q 65. Kc6 Rc3+ 66. Kd7 Kf5 67. Kd8 Kf6 68. Kd7 Qe7#) 55. Kd6 f6 (55... Qxf3 56. Kxe5 Qd3 57. f6 Kh7 58. Kf4 Kh6 59. Ke5 Kg6 60. Kf4 Kxf6 61. Kg4 Qe3 62. Kh4 Kf5 63. Kh5 Qh3#) 56. Ke7 Qxf3 (56... Kg7 57. Kd8 Qxf3 58. Kc7 e4 59. Kd8 e3 60. Kd7 e2 61. Kd6 e1=Q 62. Kc5 Qa5+ {[%mdl 64] Spiess} 63. Kd6 Qfd5+ 64. Ke7 Qe1#) 57. Kxf6 e4 58. Ke7 Qxf5 59. Kd6 e3 60. Kc7 e2 61. Kc6 e1=Q (61... e1=B 62. Kd6 Bg3+ 63. Kc6 Qa5 64. Kd7 Qc7+ 65. Ke8 Qc6+ 66. Ke7 Bh4#) 62. Kb7 Qb4+ 63. Kc6 Qbc5+ 64. Kb7 Qfc8#) 47. f4 Qa7+ {[%eval -7746,20] [%wdl 0,0,1000]} (47... exf4+ $142 {[%eval -32653,27] [%wdl 0,0,1000]} 48. Kf2 Kh8 (48... Qc3 $2 49. Be2 $19) 49. f6 Qb2+ (49... Qxf6 50. Qxh7#) (49... Qd4+ $2 50. Qxd4 Rxd4 51. Bb5 $19) 50. Be2 Qd2 (50... Qxf6 $2 51. Bd3 $19) 51. Qe5 Rg8 52. Qe4 Qc1 53. Bf1 Qb2+ 54. Ke1 Qc3+ (54... Qxf6 $2 55. Bd3 $19) 55. Ke2 Rd8 (55... Qxf6 $2 56. Kd2 $19) 56. Qxf4 Rd6 57. Qxd6 cxd6 58. Kd1 h5 (58... Qxf6 {wird mattgesetzt.} 59. Ke2 h5 60. Bg2 Qb2+ 61. Kf1 h4 62. Bh3 Kh7 63. Kg1 Kg6 64. Bg2 Kg5 65. Bh3 Kf4 66. Kf1 Qd2 67. Bg4 Kg3 68. Be2 Qc1+ 69. Bd1 Qxd1#) 59. Ke2 Qg3 (59... Qxf6 60. Bg2 Qb2+ 61. Kf3 h4 62. Bf1 Qc3+ 63. Kf2 Qg3+ 64. Ke2 h3 65. Bxh3 Qxh3 66. Kf2 Qd3 67. Kg2 Qe2+ 68. Kh3 Qf2 69. Kg4 f5+ 70. Kg5 Kg7 71. Kh5 Qf3+ 72. Kh4 Qg4#) 60. Kd1 h4 61. Ke2 Qg1 62. Bh3 Qh2+ 63. Kd3 Qxh3+ 64. Kc4 Qf3 65. Kb4 h3 (65... Qxf6 {ist ein Selbstmatt.} 66. Kc4 h3 67. Kb3 h2 68. Kc4 h1=Q 69. Kd3 Qff3+ 70. Kc4 Qb1 71. Kd4 Qbe4#) 66. Kb5 h2 (66... Qxf6 67. Kc4 h2 68. Kd5 h1=Q+ 69. Kc4 Qc6+ 70. Kb3 Qa1 71. Kb4 Qac3#) 67. Kb6 h1=Q (67... h1=B 68. Ka6 Qb3 69. Ka5 Bc6 70. Ka6 Qb7+ 71. Ka5 Qb5#) 68. Kc7 Qc1+ (68... Qxf6 69. Kb6 Qb1+ 70. Kc6 Qe7 71. Kd5 Qbe4#) 69. Kd8 Qb7 70. Ke8 Qcc8#) 48. Kf3 exf4 49. Kxf4 Qf2+ {Schwarz setzt Matt.} 50. Ke5 Re8+ 51. Kd5 Rxe4 52. Bxe4 Qd2+ 53. Ke5 c5 54. Bd5 c4 55. Bxc4 Qc3+ 56. Kd5 h5 57. Kc5 h4 58. Kd5 Qxc4+ 59. Kd6 h3 60. Ke5 h2 61. f6 h1=Q {[%csl Gc4][%cal Rh1d5]} 62. Kf5 Qhe4+ 63. Kg5 Qcd5+ 64. Kh6 Qh4# {Gewichteter Fehlerwert: Weiß=1.49/Schwarz=1.15.  Verlustzug:     	Weiß=1     	Schwarz=3     Gewinn verpasst:   	Weiß=6     	Schwarz=3     Fehler:       	Weiß=5     	Schwarz=8     Ungenau:       	Weiß=2     	Schwarz=1     OK:         	Weiß=6     	Schwarz=5     Bester:       	Weiß=1     	Schwarz=3     Stark:        	Weiß=1     	---        Brilliant:      	Weiß=1     	---} 0-1

[Event "Vereinsjugendmeisterschaft 2024"]
[Site "Steinfurt"]
[Date "2024.06.02"]
[Round "5.11"]
[White "Janning, Luis"]
[Black "Fegers, Florian"]
[Result "1-0"]
[WhiteElo "750"]
[BlackElo "725"]
[PlyCount "39"]
[Beauty "8246626617862"]
[GameId "2056739960168813"]
[EventDate "2024.??.??"]
[WhiteTeam "SC Steinfurt 1996 e. V."]
[BlackTeam "SC Steinfurt 1996 e. V."]

{[%evp 10,38,51,12,20,8,11,-20,-1,-55,-53,-47,226,96,220,-4,6,0,511,510,857,849,29991,29992,29993,29994,29994,29994,29999,29996,29999]} 1. e4 e5 2. Nf3 Nc6 3. Nc3 Nf6 4. Bb5 Bb4 5. Bxc6 Bxc3 6. dxc3 {[%eval 0,29] [%wdl 32,935,33]} (6. Bxd7+ $14 {[%eval 57,21] [%wdl 195,800,5]} Qxd7 7. bxc3) 6... bxc6 $11 {C49: Vierspringerspiel (Symmetrische Variante). Schwarz hat schwache schwarze Felder} 7. Bg5 O-O 8. O-O (8. Nxe5 {Und 0-0 würde nun gewinnen.} Re8 9. Ng4 Nxe4 (9... Rxe4+ {[%eval 43,24] [%wdl 121,873,6] 9...xe4 -0.23} 10. Kd2 $11) 10. Bxd8 Nxc3+ $15) 8... Ba6 {Schwarz hat minimalen Vorteil. Die Stellung ist ausgeglichen.} 9. c4 $146 ({Vorgänger:} 9. Re1 Rb8 $2 {[%eval 340,22] [%wdl 1000,0,0][%mdl 8192]} (9... d6 $11 {[%eval -8,26] [%wdl 23,937,40]}) 10. b3 $2 {[%eval 1,32] [%wdl 28,948,24]} ({Weiss braucht} 10. Nxe5 $18 {[%eval 340,22] [%wdl 1000,0,0]} Bc8 11. Ng4) 10... d6 $11 11. Nh4 h6 12. Be3 {[%eval -145,24] [%wdl 0,146,854]} (12. Bxf6 $11 {[%eval 0,30] [%wdl 25,952,23] bleibt in der Remisbreite.} Qxf6 13. Nf5) 12... Nxe4 $17 13. Bxa7 $2 {[%eval -290,27] [%wdl 0,1,999]} (13. Nf5 $17 {[%eval -131,26] [%wdl 0,219,781] ist wohl besser.} Bc8 14. Qg4 Bxf5 15. Qxf5 Nxc3 16. Bxa7) 13... Nxc3 14. Qd2 Rb7 15. Qxc3 Rxa7 16. Qxc6 $2 {[%eval -459,22] [%wdl 0,0,1000]} (16. Nf3 {[%eval -186,26] [%wdl 0,27,973]}) 16... Qxh4 $19 17. h3 Qf6 18. Qb6 {[%eval -770,21] [%wdl 0,0,1000]} (18. Re3 $142 {[%eval -442,24] [%wdl 0,0,1000]}) 18... cxb6 $19 19. Rad1 Qg6 20. a4 Bb7 {[%csl Gb7][%cal Rg6g2]} 21. c4 Qxg2# {0-1 Bartholdus,D (856)-Karbalaie,L (1) GER-chT U14 Girls Dittrichshuette 2004 (3.4)}) ({Vorgänger:} 9. Re1 Rb8 10. b3 d6 11. Nh4 h6 12. Be3 Nxe4 13. Bxa7 Nxc3 14. Qd2 Rb7 15. Qxc3 Rxa7 16. Qxc6 Qxh4 17. h3 Qf6 18. Qb6 cxb6 19. Rad1 Qg6 20. a4 Bb7 21. c4 Qxg2# {0-1 Bartholdus,D (856)-Karbalaie,L (1) GER-chT U14 Girls Dittrichshuette 2004 (3.4)}) 9... Bxc4 10. Re1 d5 $2 {[%eval 226,27] [%wdl 991,9,0] [#]} (10... d6 $15 {[%eval -50,30] [%wdl 5,842,153] bleibt weiter vorne.}) (10... d6 $15 {[%eval -47,28] [%wdl 5,858,137] behält die Oberhand.}) 11. exd5 {[%eval 96,33] [%wdl 485,514,1]} (11. Nxe5 $18 {[%eval 189,24] [%wdl 967,33,0] bietet bessere Gewinnchancen. Und b3 würde nun gewinnen. Droht stark b3.} Qd6 12. Bxf6 $1 Qxf6 {[#]} 13. Nd7 $1 Qxb2 14. Nxf8 Rxf8 15. Qb1) (11. Nxe5 $18 {[%eval 226,27] [%wdl 991,9,0]} Qd6 12. Nxc4 dxc4 13. Qxd6 cxd6 14. Rad1) 11... cxd5 {[%eval 220,30] [%wdl 990,10,0]} (11... Bxd5 $16 {[%eval 89,26] [%wdl 424,575,1]} 12. Nxe5 {Schwarz muss nun c4 beachten.} (12. Rxe5 {[%eval 6,25] [%wdl 30,951,19] 12.xe5 0.88} Qd6 $11) 12... Re8) (11... Bxd5 $16 {[%eval 96,33] [%wdl 485,514,1] war nötig.} 12. Nxe5 (12. Rxe5 Qd6 $11) 12... Qd6) 12. Nd2 $2 {[%eval -4,32] [%wdl 20,951,29]} ({Finger weg von} 12. Rxe5 $6 {[%eval 103,27] [%wdl 545,454,1] 12.xe5 1.67} h6 13. Bxf6 Qxf6 $16) (12. Nxe5 $18 {[%eval 175,23] [%wdl 947,53,0] Droht stark Sg4.} h6 13. Bxf6 Qxf6 {[#]} 14. Nd7 $1 Qxb2 15. Nxf8 Rxf8 16. Rb1) ({Jedoch nicht} 12. Rxe5 $6 h6 13. Bh4 Ba6 $16) ({Besser ist} 12. Nxe5 $18 {[%eval 220,30] [%wdl 990,10,0] Sg4 wäre nun fies.} h6 13. Bxf6 Qxf6 14. Nd7 Qxb2 15. Nxf8 Rxf8 16. Rb1 Qxa2 17. Ra1) 12... Qd6 13. Nxc4 {[%cal Bd2c4,Bc4e5,Be5c6,Bc6e7][%mdl 32]} Qc6 {[%eval 511,25] [%wdl 1000,0,0][%mdl 8192]} (13... dxc4 $11 {[%eval 3,28] [%wdl 26,955,19]} 14. Qe2 c3) (13... dxc4 $11 {[%eval 0,31] [%wdl 22,955,23]} 14. Qe2 c3) 14. Nxe5 $18 Rab8 {[%eval 857,22] [%wdl 1000,0,0]} (14... Qb6 $142 {[%eval 516,25] [%wdl 1000,0,0]} 15. Bxf6 {[%mdl 64] Verteidiger eliminieren} Qxf6) (14... Qe6 $142 {[%eval 510,27] [%wdl 1000,0,0]} 15. Bxf6 {[%mdl 64] Verteidiger eliminieren} (15. Ng6 Qxe1+ 16. Qxe1 hxg6 $18) 15... Qxf6) 15. Nxc6 {[#] Beabsichtigt Lxf6 und Matt. Weiss droht Lxf6 und Matt.} Rxb2 {[%cal Bb8b2,Bb2c2,Bc2e2][%mdl 32]} 16. Bxf6 {Weiß setzt Matt. Weiß setzt Matt.} gxf6 17. Ne7+ Kh8 18. Qd4 {[%cal Rd4f6]} Rxc2 19. Rec1 {[%cal Rd4f6]} Re2 20. Qxf6# {Gewichteter Fehlerwert: Weiß=0.37/Schwarz=1.22.  Verlustzug:     	---       	Schwarz=2     Gewinn verpasst:   	Weiß=1     	---        Fehler:       	Weiß=1     	Schwarz=2     Ungenau:       	Weiß=2     	Schwarz=1     OK:         	Weiß=5     	---        Bester:       	---       	Schwarz=1    .   Gewichteter Fehlerwert: Weiß=0.45/Schwarz=1.29.  Verlustzug:     	---       	Schwarz=2     Gewinn verpasst:   	Weiß=1     	---        Fehler:       	Weiß=1     	Schwarz=2     Ungenau:       	Weiß=2     	Schwarz=1     OK:         	Weiß=4     	---        Bester:       	---       	Schwarz=1} 1-0

[Event "Vereinsjugendmeisterschaft 2024"]
[Site "Steinfurt"]
[Date "2024.06.02"]
[Round "5.12"]
[White "Tuncer, Mehmet"]
[Black "Boulenger-Rouselle, Elrik-Jona"]
[Result "1-0"]
[WhiteElo "750"]
[BlackElo "750"]
[PlyCount "9"]
[Beauty "8246341140482"]
[GameId "2056739960172910"]
[EventDate "2024.??.??"]
[WhiteTeam "SC Steinfurt 1996 e. V."]
[BlackTeam "SC Steinfurt 1996 e. V."]

{[%evp 4,8,216,131,157,-8,29999]} 1. e4 b6 2. Bc4 f5 ({Vorgänger:} 2... Bb7 3. d3 e6 4. Ne2 d5 5. exd5 exd5 6. Bb3 Nf6 7. O-O Be7 8. Nd2 c5 9. Nf3 Nc6 10. c3 {1-0 Eugene,F (2388)-Ticona Rocabado,L (2285) Titled Tuesday intern op 16th May Late Chess.com INT blitz 2023 (10)}) 3. Qf3 ({Bloß nicht} 3. exf5 Nf6) 3... Nc6 4. Qxf5 {[%eval -8,27] [%wdl 24,932,44] [#] Weiß steht aktiver.} ({Vorzuziehen ist} 4. exf5 $16 {[%eval 157,22] [%wdl 884,116,0] Und Dh5+ würde nun gewinnen.} Nf6 5. Ne2) 4... Ba6 $2 {[%eval 32766,245] [%wdl 1000,0,0][%mdl 8192]} 5. Qf7# {Gewichteter Fehlerwert: Weiß=1.26/Schwarz=2.62.  Verlustzug:     	---       	Schwarz=1     Fehler:       	Weiß=1     	---        OK:         	Weiß=1     	---} 1-0